Xuân Diệu: Nhà nghiên cứu phê bình văn học

Salvato in:
Dettagli Bibliografici
Autore principale: Phạm Ngọc Thu
Natura: Libro
Lingua:Undetermined
Pubblicazione: H. Giáo dục 2003
Soggetti:
Tags: Aggiungi Tag
Nessun Tag, puoi essere il primo ad aggiungerne! !
Thư viện lưu trữ: Trung tâm Học liệu Trường Đại học Cần Thơ
LEADER 00566nam a2200205Ia 4500
001 CTU_60047
008 210402s9999 xx 000 0 und d
020 |b 11700 
082 |a 895.922109 
082 |b Th500 
100 |a Phạm Ngọc Thu 
245 0 |a Xuân Diệu: Nhà nghiên cứu phê bình văn học 
245 0 |c Phạm Ngọc Thu 
260 |a H. 
260 |b Giáo dục 
260 |c 2003 
650 |a vietnamese poetry 
650 |x history and criticism 
904 |i Minh 
980 |a Trung tâm Học liệu Trường Đại học Cần Thơ